000 00966cam a2200193 4500
001 WB3937-26
008 031001n2003 000 0 eng u
035 _a(Sirsi) u123806
245 _aConfusion over sewers and drains responsibilities
260 _c2003
490 _aWaterVoice Press Release
_v(WV17/03) 30 September 2003 (2)
520 _aWaterVoice has published its response to the "Review of existing private sewers and drains in England and Wales", a DEFRA consultation paper. It urges the raising of awareness of who is responsible for the maintenance and repair of private sewers and drains. Copies of the response are available from http://www.watervoice.org.uk. http://www.watervoice.org.uk/aptrix/ofwat/publish.nsf/AttachmentsByTitle/wvcouncil_pn1703/$FILE/wv1703.doc
590 _aWB
650 _aSEWERS
650 _aDRAINS
650 _aBUILT ENVIRONMENT-BUILDING MAINTENANCE AND REFURBISHMENT
690 _aWASTE MANAGEMENT
942 _n0
999 _c73525
_d73525